Biggest Cities In China - Extreme - Statistics

General Stats
  • This quiz has been taken 12 times
  • The average score is 46 of 100
Answer Stats
Population Answer % Correct
23.0m Beijing
100%
10.2m Chengdu
92%
6.5m Dalian
92%
15.1m Guangzhou
92%
5.9m Harbin
92%
4.9m Hefei
92%
10.4m Nanjing
92%
6.3m Qingdao
92%
31.0m Shanghai
92%
13.8m Shenzhen
92%
14.9m Tianjin
92%
5.2m Urumqi
92%
4.1m Xiamen
92%
6.5m Xi'an
92%
5.2m Changsha
83%
18.5m Chongqing
83%
8.7m Hangzhou
83%
5.0m Kunming
83%
8.1m Shenyang
83%
9.1m Wuhan
83%
6.3m Zhengzhou
83%
2.6m Hohhot
75%
4.9m Ningbo
75%
4.8m Shantou
75%
4.2m Wenzhou
75%
5.0m Changchun
67%
2.1m Haikou
67%
4.3m Jinan
67%
3.5m Lanzhou
67%
4.5m Nanning
67%
4.6m Shijiazhuang
67%
3.4m Taiyuan
67%
1.8m Anshan
58%
7.9m Dongguan
58%
3.8m Guiyang
58%
4.2m Nanchang
58%
8.8m Suzhou
58%
3.4m Tangshan
58%
2.9m Zibo
58%
2.5m Baotou
50%
2.0m Datong
50%
3.2m Handan
50%
1.7m Jilin
50%
3.0m Yantai
50%
4.3m Changzhou
42%
1.3m Chifeng
42%
2.1m Daqing
42%
2.7m Nantong
42%
1.5m Rizhao
42%
3.1m Weifang
42%
1.8m Yinchuan
42%
1.8m Anyang
33%
2.2m Baoding
33%
7.9m Foshan
33%
1.3m Guilin
33%
1.8m Hengyang
33%
1.6m Huainan
33%
1.3m Jinzhou
33%
2.8m Luoyang
33%
1.5m Nanchong
33%
2.0m Quanzhou
33%
5.5m Tai'an
33%
3.6m Wuxi
33%
1.8m Xining
33%
1.6m Yiwu
33%
2.9m Huizhou
25%
1.4m Jinhua
25%
1.5m Kaifeng
25%
2.4m Putian
25%
1.8m Qinhuangdao
25%
1.4m Yingkou
25%
1.6m Zhangjiakou
25%
3.1m Zhongshan
25%
2.0m Zhuhai
25%
1.5m Zunyi
25%
1.8m Bayan Nur
17%
1.3m Benxi
17%
1.3m Binzhou
17%
1.9m Jiangmen
17%
1.5m Jiaxing
17%
1.9m Ordos
17%
3.0m Shaoxing
17%
1.4m Shiyan
17%
1.5m Weihai
17%
1.8m Xiangyang
17%
2.3m Yangzhou
17%
1.5m Zhanjiang
17%
1.3m Zhuzhou
17%
1.6m Chaozhou
8%
2.0m Dadonghai
8%
1.4m Fushun
8%
1.4m Guankou
8%
1.3m Huaibei
8%
1.4m Jieyang
8%
1.3m Liupanshui
8%
1.3m Luohe
8%
1.3m Pizhou
8%
1.3m Puning
8%
1.2m Wenling
8%
1.8m Yichang
8%
No matching quizzes found
Score Distribution
Percent of People with Each Score
Percentile by Number Answered
Your Score History
You have not taken this quiz